| 000 | 00733nam a2200205 4500 | ||
|---|---|---|---|
| 001 | 110256 | ||
| 003 | ES-MaACL | ||
| 005 | 20230906185018.0 | ||
| 007 | t| | ||
| 008 | 061121s1927 sp r ||||1| spa d | ||
| 100 | 1 |
_aMoles, Enrique ( _d1883-1953) _981864 |
|
| 245 | 1 | 3 |
_aEl volumen molecular del agua en los hidratos cristalizados. _nII, _pConstitución de algunos sulfatos / _cpor E. Moles y M. Crespi. |
| 260 |
_aMadrid : _b[s. n.], _c1927. |
||
| 300 |
_a9 h. ; _c22 cm. |
||
| 595 | _aTirada aparte de: Anales de la Sociedad Española de Física y Química, t. 25, p. 549-566. | ||
| 650 | 4 |
_aCristalización. _9146002 |
|
| 650 | 4 |
_aSulfatos. _9172951 |
|
| 700 | 1 |
_aCrespi Jaume, Miguel. _941507 |
|
| 852 |
_aES-MaACL _j1717-F-9 |
||
| 999 |
_c110256 _d110256 |
||